000 00336nam a22001337a 4500
005 20250227114820.0
008 250227b |||||||| |||| 00| 0 eng d
050 _aHF5635
_bAPP
100 _aAppiah-Mensah,Kwame Botsio
245 _aPrinciples of accounting
260 _aAccra
_bNabb Publications
300 _a383p
942 _2lcc
_cBK
_n0
999 _c4414
_d4414